| 000 | 00445nam a2200157Ia 4500 | ||
|---|---|---|---|
| 008 | 210716s2018 xx 000 0 und d | ||
| 020 | _a9789352807895 | ||
| 041 | _aeng | ||
| 082 | _a374.22 KAPR | ||
| 100 | _aKapal, Rishi. | ||
| 245 |
_aKites in a hurricane: startups from cradle to fame. _bStartups from cradle to fame. |
||
| 250 | _a1 | ||
| 260 |
_aNew Delhi _bSage Publications _c2018 |
||
| 300 | _axiii,249 | ||
| 650 | _aGeneral Knowledge | ||
| 999 |
_c211431 _d211431 |
||